01644nam a22001817a 4500003000400000005001700004008004100021020001800062082004800080100002000128245002400148250001300172260004500185300003000230490001700260520116700277700001801444OSt20260415114432.0260415b |||||||| |||| 00| 0 eng d a9780857774378 29780857774378a9780857774378b9780857774378 aEvans, Virginia aPrime Time Nivel 4 a1Rb2011 aE.E U.UbExpress Publishing UK Ltdc2015 a136 PAGc 27,6 x 21,6 cm. 3TAPA BLANDA  aPrime Time es un curso modular de nivel secundario en inglés americano. El curso combina el aprendizaje activo del inglés americano con una variedad de temas dinámicos presentados en cinco módulos temáticos. Características clave: Un enfoque integrado para el desarrollo de las cuatro destrezas lingüísticas. Diálogos estimulantes y realistas con personas en situaciones cotidianas. Presentación y práctica de vocabulario. Variedad de tareas de lectura y comprensión auditiva. Presentación y práctica claras de estructuras gramaticales. Actividades que fomentan el pensamiento crítico y la investigación en la web. Secciones de escritura que contienen modelos y desarrollo de habilidades de escritura. Actividades realistas de trabajo en parejas y en grupo. Secciones de pronunciación e entonación. Consejos de estudio para ayudar a los estudiantes a convertirse en aprendices autónomos. Rincón cultural y secciones interdisciplinarias. Secciones de repaso y revisión del idioma al final de cada módulo. Una sección de referencia gramatical. Pizarra interactiva (IWB). Software de libros electrónicos interactivos. aDooley, Jenny